000 00736nam a2200253Ia 4500
003 OSt
005 20220928111228.0
006 a|||||r|||| 00| 0
007 ta
008 220927b |||||||| |||| 00| 0 hin d
020 _c1495
024 _a128364
037 _b400, 21/12/2015, Kiran Book Service
_cTextual
040 _aSDCL
_cSDCL
_bhin
041 _2hin
_ahin
082 _aO152,3N46w2, Q4
100 _aRani Usha
_9422927
245 0 _aMrinal Pandey ke sahitya mein yugbodh
260 _aNew Delhi
_bSanjay Prakashan
_c2014
300 _a7;572p
_ccm.
650 _aHindi
_9391598
942 _hO152,3N46w2, Q4
_cTEXL
_2CC
999 _c739394
_d739394